Datum a čas kvízu
28.5
Celkem bodů
Celkový počet nahraných bodů na tomto kvízu bez doplňovacích otázek.
10.
Pořadí na kvízu
Konečné umístění týmu na tomto kvízu.
Zaznamenané odpovědi
| # | Otázka | Odpověď | Body | Výsledky |
|---|---|---|---|---|
| 1. | Facebook minulý týden zablokov... | Trutnov | 0 | |
| 2. | Jak se jmenuje stát na severov... | Súdán | 0 | |
| 3. | V pondělí spustila Prima nový... | Prima Show | 1 | |
| 4. | Mark Zuckerberg minulý týden n... | Meta | 0 | |
| 5. | Britská média přinesla minulý... | West Ham United | 1 | |
| 6. | Pojďme se společně chvíli troc... | Vilém | 0 | |
| 7. | I v nevinně vypadajících hračk... | Annabelle | 0 | |
| 8. | Máloco člověku způsobilo takov... | A) Overlook | 0 | |
| 9. | Dokážete správně přiřadit tyto... | 1A 2C 3B 4D | 1 | |
| 10. | Bílá paní je nejen nadpřirozen... | gin | 0 |